[Event "Oberliga Nord O 1314"]
[Site "Germany"]
[Date "2014.02.23"]
[Round "7.8"]
[White "Szyszylo, Rafal"]
[Black "Valet, Alexander"]
[Result "1-0"]
[WhiteElo "2214"]
[BlackElo "1898"]
[PlyCount "61"]
[EventDate "2013.10.13"]
[EventType "team-tourn"]
[EventRounds "9"]
[EventCountry "GER"]
[SourceTitle "EXT 2015"]
[Source "ChessBase"]
[SourceDate "2014.11.20"]
[SourceVersion "1"]
[SourceVersionDate "2014.11.20"]
[SourceQuality "1"]
[WhiteTeam "Ruedersdorf"]
[BlackTeam "Greifswald"]
[WhiteTeamCountry "GER"]
[BlackTeamCountry "GER"]

1. e4 d5 2. exd5 Qxd5 3. Nc3 Qa5 4. d4 c6 5. Nf3 Bf5 6. Bc4 e6 7. 0-0 Nf6 8. Re1 Bb4 9. Bd2 0-0 10. a3 Bxc3 11. Bxc3 Qc7 12. Qe2 Nbd7 13. Bb3 Rfd8 14. Bd2 c5 15. Bg5 cxd4 16. Nxd4 Bg6 17. c3 Nc5 18. Bc2 Rd5 19. Bh4 Qb6 20. Bxf6 gxf6 21. b4 Nd7 22. Bb3 Re5 23. Qd2 Rd8 24. Red1 Bh5 25. f3 Rg5 26. Qf2 e5 27. h4 Rg6 28. Nf5 Kf8 29. Qxb6 axb6 30. Kf2 e4 31. Ba4 1-0

[Event "GER-ch U25 op-A"]
[Site "Oberhof"]
[Date "2013.05.24"]
[Round "8"]
[White "Weber, Daniel"]
[Black "Valet, Alexander"]
[Result "1-0"]
[WhiteElo "1897"]
[BlackElo "1910"]
[PlyCount "87"]
[EventDate "2013.05.19"]
[EventType "swiss"]
[EventRounds "9"]
[EventCountry "GER"]
[SourceTitle "CBM 154 Extra"]
[Source "ChessBase"]
[SourceDate "2013.06.25"]
[SourceVersion "2"]
[SourceVersionDate "2013.06.25"]
[SourceQuality "1"]

1. d4 Nf6 2. Nc3 e6 3. e4 Bb4 4. Bg5 h6 5. Bxf6 Qxf6 6. a3 Bxc3+ 7. bxc3 b6 8. Qf3 Bb7 9. Bd3 d6 10. Ne2 Nd7 11. Qxf6 gxf6 12. f3 Rg8 13. Rg1 Rg5 14. 0-0-0 Ke7 15. g4 a6 16. Kb2 c5 17. h4 Rgg8 18. a4 Rgc8 19. Ng3 Bc6 20. Ra1 b5 21. d5 Bb7 22. axb5 Ne5 23. bxa6 Nxd3+ 24. cxd3 Bxa6 25. c4 Rcb8+ 26. Kc2 Bc8 27. Rgb1 Bd7 28. Ne2 f5 29. gxf5 exf5 30. d4 fxe4 31. fxe4 Bg4 32. Rxa8 Rxa8 33. Rb7+ Ke8 34. Nc3 cxd4 35. Nb5 Rd8 36. Nxd4 Rc8 37. Kd3 h5 38. Nc6 Bd7 39. Na7 Ra8 40. Kd4 Ba4 41. e5 dxe5+ 42. Kxe5 Rd8 43. c5 Rd7 44. c6 1-0

[Event "GER-ch U25 op-A"]
[Site "Oberhof"]
[Date "2012.05.31"]
[Round "7"]
[White "Haeusler, Yannick"]
[Black "Valet, Alexander"]
[Result "0-1"]
[WhiteElo "1716"]
[BlackElo "1856"]
[PlyCount "56"]
[EventDate "2012.05.27"]
[EventType "swiss"]
[EventRounds "9"]
[EventCountry "GER"]
[SourceTitle "CBM 148 Extra"]
[Source "ChessBase"]
[SourceDate "2012.06.22"]
[SourceVersion "1"]
[SourceVersionDate "2012.06.22"]
[SourceQuality "1"]

1. e4 d5 2. exd5 Qxd5 3. Nc3 Qa5 4. Bc4 Bf5 5. d4 e6 6. Bd2 c6 7. Qe2 Ne7 8. 0-0-0 Qc7 9. g4 Bg6 10. h4 h5 11. f3 Nd7 12. Qf2 Nb6 13. Bb3 0-0-0 14. Nh3 Ned5 15. Nxd5 Nxd5 16. Bxd5 cxd5 17. Bf4 Bd6 18. Qd2 Kb8 19. Bxd6 Rxd6 20. Nf4 Bxc2 21. Ne2 Bxd1+ 22. Kxd1 hxg4 23. fxg4 Rc6 24. Nc3 Qg3 25. Kc1 Qxg4 26. Qh2+ Ka8 27. Qe5 a6 28. Rf1 f6 0-1

[Event "GER-ch U25 op-A"]
[Site "Oberhof"]
[Date "2012.05.29"]
[Round "4"]
[White "Valet, Alexander"]
[Black "Thumm, Felix"]
[Result "1-0"]
[WhiteElo "1856"]
[BlackElo "1526"]
[PlyCount "63"]
[EventDate "2012.05.27"]
[EventType "swiss"]
[EventRounds "9"]
[EventCountry "GER"]
[SourceTitle "CBM 148 Extra"]
[Source "ChessBase"]
[SourceDate "2012.06.22"]
[SourceVersion "1"]
[SourceVersionDate "2012.06.22"]
[SourceQuality "1"]

1. b3 c5 2. e3 e6 3. Nf3 a6 4. c4 d6 5. Bb2 Nf6 6. d4 b6 7. Nbd2 Bb7 8. Bd3 g6 9. dxc5 bxc5 10. Ne4 e5 11. Qc2 Nc6 12. Bc3 Bg7 13. Rd1 Ne7 14. Nxf6+ Bxf6 15. Be4 Bxe4 16. Qxe4 Qb8 17. 0-0 Bg7 18. Qd3 e4 19. Qc2 exf3 20. Bxg7 fxg2 21. Kxg2 Rg8 22. Bf6 Qb7+ 23. e4 Rd8 24. Qd3 Rd7 25. Rd2 Qc6 26. Rfd1 Nc8 27. Qd5 Qc7 28. e5 Nb6 29. exd6 Qc8 30. Qe5+ Kf8 31. Qe7+ Rxe7 32. dxe7+ 1-0

[Event "GER-ch U25 op-A"]
[Site "Oberhof"]
[Date "2012.05.27"]
[Round "1"]
[White "Mann, Jonas"]
[Black "Valet, Alexander"]
[Result "0-1"]
[WhiteElo "1541"]
[BlackElo "1856"]
[PlyCount "40"]
[EventDate "2012.05.27"]
[EventType "swiss"]
[EventRounds "9"]
[EventCountry "GER"]
[SourceTitle "CBM 148 Extra"]
[Source "ChessBase"]
[SourceDate "2012.06.22"]
[SourceVersion "1"]
[SourceVersionDate "2012.06.22"]
[SourceQuality "1"]

1. c4 c5 2. Nc3 Nc6 3. g3 g6 4. Bg2 Bg7 5. e3 d6 6. Nge2 Nf6 7. 0-0 0-0 8. a3 Bf5 9. d4 cxd4 10. exd4 Qd7 11. Nf4 Rac8 12. Re1 Na5 13. b3 Rfe8 14. Bb2 e6 15. h3 g5 16. Nd3 Nxb3 17. Qxb3 Bxd3 18. Bf1 Bxf1 19. Rxf1 Qc6 20. Nb5 a6 0-1

[Event "Mecklenburg VP-ch U16"]
[Site "Malchow"]
[Date "2011.02.05"]
[Round "2.4"]
[White "Valet, Alexander"]
[Black "Stoevesand, Peter"]
[Result "1/2-1/2"]
[WhiteElo "1883"]
[BlackElo "1563"]
[PlyCount "38"]
[EventDate "2011.02.05"]
[EventType "swiss"]
[EventRounds "7"]
[EventCountry "GER"]
[SourceTitle "EXT 2022"]
[Source "ChessBase"]
[SourceDate "2021.10.06"]
[SourceVersion "1"]
[SourceVersionDate "2021.10.06"]
[SourceQuality "1"]

1. e4 e5 2. Nf3 Nc6 3. d4 exd4 4. Nxd4 Nf6 5. Nxc6 bxc6 6. Bd3 d5 7. exd5 cxd5 8. 0-0 Be7 9. Bb5+ Bd7 10. Bxd7+ Qxd7 11. c3 0-0 12. Bf4 Rfe8 13. Nd2 Bd6 14. Bxd6 Qxd6 15. Nb3 Re4 16. f3 Re5 17. Qd2 Nd7 18. Rfe1 Rae8 19. h3 Nb6 1/2-1/2

[Event "GER-ch U25"]
[Site "Oberhof"]
[Date "2010.05.28"]
[Round "8"]
[White "Valet, Alexander"]
[Black "Yin, Stanley"]
[Result "1/2-1/2"]
[WhiteElo "1901"]
[BlackElo "1976"]
[PlyCount "64"]
[EventDate "2010.05.22"]
[EventType "swiss"]
[EventRounds "9"]
[EventCountry "GER"]
[SourceTitle "CBM 136 Extra"]
[Source "ChessBase"]
[SourceDate "2010.07.02"]
[SourceVersion "2"]
[SourceVersionDate "2010.07.15"]
[SourceQuality "1"]

1. e4 c6 2. d4 Na6 3. Nc3 Nc7 4. Nf3 d6 5. Bf4 g6 6. h3 Nf6 7. Qd2 b5 8. Bd3 a5 9. 0-0 Bg7 10. a3 0-0 11. Bh6 Bb7 12. Rfe1 b4 13. Na4 bxa3 14. bxa3 Ne6 15. Bxg7 Kxg7 16. Rab1 Qc7 17. c4 Nd7 18. Qb2 Nd8 19. Nb6 Nxb6 20. Qxb6 Qc8 21. d5 e5 22. Rec1 Ra6 23. Qb2 c5 24. Nh4 f6 25. Rf1 Qc7 26. f4 Bc8 27. fxe5 fxe5 28. Rxf8 Kxf8 29. Qb8 Ra7 30. Nf3 Ke8 31. Qxc7 Rxc7 32. Nd2 Rb7 1/2-1/2

[Event "GER-ch U25"]
[Site "Oberhof"]
[Date "2010.05.24"]
[Round "3"]
[White "Zentgraf, Robert"]
[Black "Valet, Alexander"]
[Result "1-0"]
[WhiteElo "2107"]
[BlackElo "1901"]
[PlyCount "61"]
[EventDate "2010.05.22"]
[EventType "swiss"]
[EventRounds "9"]
[EventCountry "GER"]
[SourceTitle "CBM 136 Extra"]
[Source "ChessBase"]
[SourceDate "2010.07.02"]
[SourceVersion "2"]
[SourceVersionDate "2010.07.15"]
[SourceQuality "1"]

1. Nf3 d5 2. c4 Nf6 3. d4 e6 4. g3 Bb4+ 5. Bd2 Be7 6. Bg2 0-0 7. 0-0 Nbd7 8. Qc2 Ne4 9. Nc3 Ndf6 10. Bf4 Bd6 11. Bxd6 Nxd6 12. c5 Nf5 13. e3 Bd7 14. b4 b6 15. Ne5 c6 16. Rfd1 Rb8 17. cxb6 axb6 18. Na4 Qe7 19. a3 Rfc8 20. Rdc1 c5 21. Nxd7 Nxd7 22. bxc5 bxc5 23. dxc5 Nxc5 24. Nxc5 Rb5 25. Rab1 Rcxc5 26. Rxb5 Rxb5 27. a4 Rb8 28. Bxd5 Nxe3 29. Qc8+ Qe8 30. Qxe8+ Rxe8 31. Bc6 1-0

[Event "GER-ch U25"]
[Site "Oberhof"]
[Date "2010.05.23"]
[Round "2"]
[White "Valet, Alexander"]
[Black "Arps, Jan Philipp"]
[Result "1-0"]
[WhiteElo "1901"]
[BlackElo "2013"]
[PlyCount "131"]
[EventDate "2010.05.22"]
[EventType "swiss"]
[EventRounds "9"]
[EventCountry "GER"]
[SourceTitle "CBM 136 Extra"]
[Source "ChessBase"]
[SourceDate "2010.07.02"]
[SourceVersion "2"]
[SourceVersionDate "2010.07.15"]
[SourceQuality "1"]

1. e4 c5 2. Nc3 Nc6 3. d3 g6 4. g3 Bg7 5. Bg2 e6 6. f4 d6 7. Nf3 Nge7 8. 0-0 0-0 9. Bd2 Rb8 10. Rb1 b5 11. Ne2 b4 12. c3 Ba6 13. Qc2 Na5 14. Be3 b3 15. axb3 Nxb3 16. Rfd1 Qc7 17. d4 d5 18. Nc1 c4 19. exd5 Nxd5 20. Bf2 Bb5 21. Nxb3 cxb3 22. Qd2 Nb6 23. Ne5 f6 24. Nd3 Nc4 25. Qe1 Rfe8 26. Nc5 Qd6 27. Bf1 Na5 28. Ra1 Bxf1 29. Qxf1 Nc6 30. Ra3 Bf8 31. Qc4 Qd5 32. Qxd5 exd5 33. Ra6 Rb6 34. Rxb6 axb6 35. Nd7 Re6 36. Nxb6 Nb4 37. Nd7 Nc2 38. Nc5 Rb6 39. Rd2 Na1 40. Re2 Kf7 41. Re1 Bxc5 42. dxc5 Ra6 43. Kg2 Nc2 44. Re2 Ra2 45. c6 Ra6 46. c7 Rc6 47. Bb6 Rc4 48. Kf3 Rc6 49. f5 gxf5 50. Kf4 d4 51. cxd4 Nb4 52. Kxf5 Nd5 53. Ba5 Nxc7 54. Bxc7 Rxc7 55. Re3 Rb7 56. d5 Rb5 57. Ke4 Ke7 58. Kd4+ Kd7 59. Kc4 Rb7 60. Rxb3 Rc7+ 61. Kd4 h5 62. Rc3 Rb7 63. b3 Rb4+ 64. Kc5 Re4 65. b4 h4 66. b5 1-0

[Event "Mecklenburg VP-ch"]
[Site "Nakenstorf"]
[Date "2010.04.03"]
[Round "6.17"]
[White "Moeller, Stefan"]
[Black "Valet, Alexander"]
[Result "1/2-1/2"]
[WhiteElo "1675"]
[BlackElo "1901"]
[PlyCount "26"]
[EventDate "2010.04.01"]
[EventType "swiss"]
[EventRounds "9"]
[EventCountry "GER"]
[SourceTitle "EXT 2022"]
[Source "ChessBase"]
[SourceDate "2021.10.06"]
[SourceVersion "1"]
[SourceVersionDate "2021.10.06"]
[SourceQuality "1"]

1. e4 d5 2. exd5 Qxd5 3. Nc3 Qa5 4. Nf3 c6 5. d4 Nf6 6. Bd3 Bg4 7. 0-0 e6 8. Bd2 Qc7 9. h3 Bh5 10. Re1 Be7 11. Ne4 Nxe4 12. Bxe4 Nd7 13. c4 Nf6 1/2-1/2

[Event "Mecklenburg VP LL 0910"]
[Site "Mecklenburg VP"]
[Date "2010.02.28"]
[Round "7.8"]
[White "Jaensch, Robert"]
[Black "Valet, Alexander"]
[Result "1/2-1/2"]
[WhiteElo "1720"]
[BlackElo "1632"]
[PlyCount "82"]
[EventDate "2009.10.18"]
[EventType "team-tourn"]
[EventRounds "9"]
[EventCountry "GER"]
[SourceTitle "EXT 2016"]
[Source "ChessBase"]
[SourceDate "2015.10.08"]
[SourceVersion "1"]
[SourceVersionDate "2015.10.08"]
[SourceQuality "1"]
[WhiteTeam "Rostock SSC 07 II"]
[BlackTeam "Greifswald II"]
[WhiteTeamCountry "GER"]
[BlackTeamCountry "GER"]

1. e4 d5 2. exd5 Qxd5 3. Nc3 Qa5 4. d4 c6 5. Bd2 Bf5 6. Nf3 Qc7 7. Bc4 e6 8. 0-0 Nf6 9. Re1 Be7 10. h3 0-0 11. Nh4 Bg6 12. Nxg6 hxg6 13. Ne4 Nxe4 14. Rxe4 Nd7 15. c3 Nf6 16. Bf4 Bd6 17. Bxd6 Qxd6 18. Re2 Rfd8 19. Qb3 Qc7 20. Rae1 Nd5 21. Re5 b5 22. Bxd5 Rxd5 23. Rxd5 exd5 24. Qb4 Rd8 25. Re7 Qb8 26. Qc5 Re8 27. Qxa7 Qxa7 28. Rxa7 Re1+ 29. Kh2 Re2 30. Rc7 Rxb2 31. Rc8+ Kh7 32. Rxc6 Rxa2 33. Rc5 Rxf2 34. Rxb5 Rc2 35. Rxd5 Rxc3 36. Rd7 Rd3 37. d5 g5 38. d6 Kg6 39. Rd8 Kf6 40. Rd7 Ke6 41. Re7+ Kf6 1/2-1/2

[Event "Mecklenburg VP-ch U14"]
[Site "Malchow"]
[Date "2010.02.??"]
[Round "2.1"]
[White "Lansky, Georg"]
[Black "Valet, Alexander"]
[Result "0-1"]
[WhiteElo "1381"]
[BlackElo "1879"]
[PlyCount "132"]
[EventDate "2010.02.10"]
[EventType "swiss"]
[EventRounds "7"]
[EventCountry "GER"]
[SourceTitle "EXT 2022"]
[Source "ChessBase"]
[SourceDate "2021.10.06"]
[SourceVersion "1"]
[SourceVersionDate "2021.10.06"]
[SourceQuality "1"]

1. e4 d5 2. exd5 Qxd5 3. Nc3 Qa5 4. d4 c6 5. Bc4 Bf5 6. Nf3 Nf6 7. 0-0 e6 8. Bf4 Qd8 9. Re1 Bd6 10. Bxd6 Qxd6 11. d5 cxd5 12. Nxd5 Nxd5 13. Qxd5 Qxd5 14. Bxd5 Nd7 15. Nd4 Bg6 16. Re2 Rb8 17. Rd1 Nc5 18. Bf3 0-0 19. Red2 Ne4 20. Bxe4 Bxe4 21. Nb5 a6 22. Nd6 Bc6 23. f3 Rbd8 24. Nc4 Rd5 25. Rxd5 Bxd5 26. Nb6 Bc6 27. c4 Re8 28. Nd7 f6 29. Kf2 Kf7 30. Ke3 Ke7 31. Nc5 Rc8 32. b4 b6 33. Nb3 Ba4 34. Rd4 e5 35. Rh4 h6 36. Nd2 Rd8 37. c5 bxc5 38. bxc5 Bb5 39. Nc4 Rc8 40. Nd6 Rxc5 41. Nxb5 Rxb5 42. Ra4 Rb2 43. g4 Rb6 44. Ke4 Kf7 45. f4 Rb5 46. fxe5 Rxe5+ 47. Kf4 a5 48. h4 Rb5 49. Kf3 Kg6 50. Kg3 h5 51. gxh5+ Kxh5 52. Kh3 f5 53. Kg3 g6 54. Kf3 Rb4 55. Rxa5 Kxh4 56. Ra8 Kg5 57. a4 Rb3+ 58. Ke2 Kf4 59. a5 Ra3 60. a6 g5 61. a7 g4 62. Kf2 g3+ 63. Ke1 Ra1+ 64. Ke2 g2 65. Rg8 Rxa7 66. Rxg2 Ra2+ 0-1

[Event "GER-chT U14"]
[Site "Arendsee"]
[Date "2009.12.29"]
[Round "5.3"]
[White "Eigemann, Julian"]
[Black "Valet, Alexander"]
[Result "1/2-1/2"]
[WhiteElo "1851"]
[BlackElo "1781"]
[PlyCount "108"]
[EventDate "2009.12.27"]
[EventType "team-swiss"]
[EventRounds "7"]
[EventCountry "GER"]
[SourceTitle "EXT 2022"]
[Source "ChessBase"]
[SourceDate "2021.10.06"]
[SourceVersion "1"]
[SourceVersionDate "2021.10.06"]
[SourceQuality "1"]
[WhiteTeam "Koeln Muelheim U14"]
[BlackTeam "Neubrandenburg SG Eintracht U14"]
[WhiteTeamCountry "GER"]
[BlackTeamCountry "GER"]

1. e4 d5 2. exd5 Qxd5 3. Nc3 Qa5 4. Bc4 Bf5 5. Nf3 Nf6 6. d3 c6 7. Bd2 Qc7 8. Qe2 e6 9. Nd4 Bg4 10. f3 Qb6 11. Qe3 c5 12. Nb3 Bf5 13. Na4 Qc6 14. Nc3 a6 15. a4 Nbd7 16. a5 Be7 17. Qe2 0-0 18. Rg1 b5 19. axb6 Nxb6 20. Bxa6 Nbd5 21. Bb5 Qc7 22. g4 Bg6 23. Rxa8 Rxa8 24. h4 h5 25. g5 Nxc3 26. Bxc3 Nd5 27. Be5 Bd6 28. Bxd6 Qxd6 29. Bc4 Ra2 30. Bxd5 Qxd5 31. Kf2 Rxb2 32. Rd1 Qd6 33. Kg2 Qc7 34. Rd2 Qf4 35. Qf2 c4 36. dxc4 Qxc4 37. Qd4 Rxc2 38. Qxc4 Rxc4 39. Rd4 Rxd4 40. Nxd4 Kh7 41. Kg3 Bd3 42. f4 Kg6 43. Kf3 Bf5 44. Nc6 f6 45. Ke3 Bh3 46. Kf3 Bf1 47. Nd4 Bc4 48. Ke4 Bd5+ 49. Ke3 e5 50. f5+ Kf7 51. g6+ Ke7 52. Ne2 Bb3 53. Kd2 Bd5 54. Ke3 Bb3 1/2-1/2

[Event "GER-chT U14"]
[Site "Arendsee"]
[Date "2009.12.28"]
[Round "3.3"]
[White "Valet, Alexander"]
[Black "Schoepe, Tobias"]
[Result "1/2-1/2"]
[WhiteElo "1781"]
[BlackElo "1696"]
[PlyCount "74"]
[EventDate "2009.12.27"]
[EventType "team-swiss"]
[EventRounds "7"]
[EventCountry "GER"]
[SourceTitle "EXT 2022"]
[Source "ChessBase"]
[SourceDate "2021.10.06"]
[SourceVersion "1"]
[SourceVersionDate "2021.10.06"]
[SourceQuality "1"]
[WhiteTeam "Neubrandenburg SG Eintracht U14"]
[BlackTeam "Ergolding FC U14"]
[WhiteTeamCountry "GER"]
[BlackTeamCountry "GER"]

1. e4 c5 2. Nc3 e6 3. g3 Nc6 4. Bg2 d6 5. d3 g6 6. f4 Bg7 7. Nf3 Nge7 8. 0-0 0-0 9. Be3 f5 10. Rb1 Kh8 11. Qd2 a5 12. Rfd1 Nd4 13. Ne2 Nec6 14. c3 Nxf3+ 15. Bxf3 e5 16. Bg2 Qe7 17. fxe5 dxe5 18. Rf1 Be6 19. a3 a4 20. Rf2 Rad8 21. Bg5 Bf6 22. Bxf6+ Rxf6 23. Qe3 fxe4 24. Rxf6 Qxf6 25. Bxe4 Bg4 26. Rf1 Qe7 27. Kh1 Bh3 28. Rf2 Bg4 29. Ng1 Na5 30. Nf3 Bxf3+ 31. Qxf3 c4 32. Rd2 Nb3 33. Rd1 Nc5 34. Qe3 cxd3 35. Bxd3 Nxd3 36. Rxd3 Rxd3 37. Qxd3 Qf6 1/2-1/2

[Event "GER-chT U14"]
[Site "Arendsee"]
[Date "2009.12.27"]
[Round "1.2"]
[White "Valet, Alexander"]
[Black "Jansen, Lauritz"]
[Result "1-0"]
[WhiteElo "1781"]
[BlackElo "1655"]
[PlyCount "61"]
[EventDate "2009.12.27"]
[EventType "team-swiss"]
[EventRounds "7"]
[EventCountry "GER"]
[SourceTitle "EXT 2022"]
[Source "ChessBase"]
[SourceDate "2021.10.06"]
[SourceVersion "1"]
[SourceVersionDate "2021.10.06"]
[SourceQuality "1"]
[WhiteTeam "Neubrandenburg SG Eintracht U14"]
[BlackTeam "Hohentuebingen U14"]
[WhiteTeamCountry "GER"]
[BlackTeamCountry "GER"]

1. e4 c5 2. Nc3 e6 3. d3 a6 4. g3 b6 5. Bg2 Bb7 6. f4 d6 7. Nf3 Nd7 8. 0-0 Qc7 9. Be3 Ngf6 10. h3 Be7 11. Qd2 0-0-0 12. Ne2 Kb8 13. a4 Ne8 14. Rfc1 g6 15. b4 f5 16. a5 c4 17. exf5 gxf5 18. dxc4 Qxc4 19. axb6 Nef6 20. Ng5 Bxg2 21. Kxg2 Ne4 22. Nxe4 Qxe4+ 23. Kh2 Qc4 24. Qd3 Qxd3 25. cxd3 Rc8 26. Rxa6 Rxc1 27. Nxc1 e5 28. Ra7 Rd8 29. Nb3 Kc8 30. Na5 Re8 31. Nc6 1-0

[Event "GER-ch U25 op"]
[Site "Willingen"]
[Date "2009.06.03"]
[Round "6"]
[White "Bangert, Benjamin"]
[Black "Valet, Alexander"]
[Result "0-1"]
[WhiteElo "1330"]
[BlackElo "1550"]
[PlyCount "110"]
[EventDate "2009.05.30"]
[EventType "swiss"]
[EventRounds "9"]
[EventCountry "GER"]
[SourceTitle "EXT 2010"]
[Source "ChessBase"]
[SourceDate "2010.11.25"]
[SourceVersion "1"]
[SourceVersionDate "2010.11.25"]
[SourceQuality "1"]

1. g3 d5 2. Bg2 Nf6 3. e3 c6 4. Ne2 Bf5 5. 0-0 e6 6. d4 Nbd7 7. c4 dxc4 8. Nbc3 Nb6 9. Bd2 Be7 10. Na4 Nbd5 11. Qc1 Bd3 12. Re1 Nb4 13. Bxb4 Bxb4 14. Nac3 0-0 15. Nf4 Bf5 16. Bf1 Nd5 17. Nfe2 Nb6 18. Rd1 Bd3 19. Bg2 Qe7 20. Nf4 Bf5 21. a3 Bd6 22. Nce2 Rfd8 23. Bf1 Bg4 24. Rd2 Bf3 25. Ng2 Rac8 26. Nef4 c5 27. Nh4 Be4 28. f3 Bxf4 29. exf4 Bd5 30. Be2 Rd7 31. f5 cxd4 32. fxe6 Bxe6 33. Ng2 Qc5 34. Kh1 Na4 35. Nf4 Qb6 36. Qd1 Qc6 37. Nxe6 fxe6 38. Rxd4 Rxd4 39. Qxd4 c3 40. bxc3 Qxc3 41. Qxc3 Rxc3 42. Kg2 Rc2 43. Kf1 Kf7 44. Bd1 Rc4 45. Bb3 Rd4 46. Rd1 Rxd1+ 47. Bxd1 Nc3 48. Bc2 h6 49. Kf2 Kf6 50. Ke3 Ke5 51. Kd2 Kd4 52. h3 e5 53. Bf5 e4 54. Bc8 b6 55. f4 Nb1+ 0-1

[Event "GER-ch U25 op"]
[Site "Willingen"]
[Date "2009.06.02"]
[Round "4"]
[White "Wenninger, Philipp"]
[Black "Valet, Alexander"]
[Result "1-0"]
[WhiteElo "1984"]
[BlackElo "1550"]
[PlyCount "77"]
[EventDate "2009.05.30"]
[EventType "swiss"]
[EventRounds "9"]
[EventCountry "GER"]
[SourceTitle "EXT 2010"]
[Source "ChessBase"]
[SourceDate "2010.11.25"]
[SourceVersion "1"]
[SourceVersionDate "2010.11.25"]
[SourceQuality "1"]

1. d4 Nf6 2. c4 g6 3. Nc3 Bg7 4. e4 d6 5. f3 0-0 6. Be3 Nbd7 7. Nge2 b6 8. Qd2 c5 9. d5 a6 10. Nc1 Rb8 11. Be2 Ne8 12. a4 Nc7 13. 0-0 Nf6 14. Rb1 Bd7 15. b4 Qe8 16. b5 a5 17. Nd3 Bc8 18. Rbd1 Nd7 19. Kh1 Ne5 20. Nxe5 Bxe5 21. Bh6 Bg7 22. Bxg7 Kxg7 23. f4 f6 24. h3 Bd7 25. Qe3 Qd8 26. Rf3 Be8 27. e5 Bf7 28. e6 Bg8 29. Bd3 Ne8 30. g4 Kh8 31. Ne4 Ng7 32. Ng3 Qe8 33. Rdf1 Rc8 34. Bc2 Rb8 35. Kg2 Qd8 36. h4 Qe8 37. Rh1 h6 38. f5 Bh7 39. Qxh6 1-0

[Event "GER-ch U25 op"]
[Site "Willingen"]
[Date "2009.05.30"]
[Round "1"]
[White "Valet, Alexander"]
[Black "Sievers, Andy"]
[Result "0-1"]
[WhiteElo "1550"]
[BlackElo "1953"]
[PlyCount "66"]
[EventDate "2009.05.30"]
[EventType "swiss"]
[EventRounds "9"]
[EventCountry "GER"]
[SourceTitle "EXT 2010"]
[Source "ChessBase"]
[SourceDate "2010.11.25"]
[SourceVersion "1"]
[SourceVersionDate "2010.11.25"]
[SourceQuality "1"]

1. e4 c5 2. Nf3 e6 3. d4 cxd4 4. Nxd4 Nf6 5. Nc3 Bb4 6. Bd3 Nc6 7. Be3 d5 8. Nxc6 bxc6 9. exd5 exd5 10. Bd2 0-0 11. 0-0 Bd6 12. Bg5 Be5 13. Rb1 Qd6 14. h3 Rb8 15. Qf3 h6 16. Bh4 Rb4 17. Bg3 Bxg3 18. Qxg3 Qxg3 19. fxg3 Be6 20. Ne2 c5 21. b3 c4 22. Bf5 Re8 23. Rbe1 cxb3 24. axb3 Bxf5 25. Rxf5 Rbe4 26. Kf1 R4e6 27. Rf3 d4 28. Rd3 Nd5 29. Rd2 Nc3 30. g4 g5 31. b4 a6 32. g3 Kg7 33. h4 Kg8 0-1

[Event "Mecklenburg VP-ch"]
[Site "Greifswald"]
[Date "2009.04.13"]
[Round "9.12"]
[White "Valet, Alexander"]
[Black "Priss, Wolfgang"]
[Result "1/2-1/2"]
[WhiteElo "1533"]
[BlackElo "1429"]
[PlyCount "42"]
[EventDate "2009.04.09"]
[EventType "swiss"]
[EventRounds "9"]
[EventCountry "GER"]
[SourceTitle "EXT 2022"]
[Source "ChessBase"]
[SourceDate "2021.10.06"]
[SourceVersion "1"]
[SourceVersionDate "2021.10.06"]
[SourceQuality "1"]

1. e4 e5 2. Nf3 Nc6 3. d4 exd4 4. Nxd4 Bc5 5. Be3 Qf6 6. c3 Nge7 7. Bb5 0-0 8. 0-0 d6 9. Nxc6 bxc6 10. Bxc5 cxb5 11. Bd4 Qg6 12. Qe2 a5 13. f3 Bb7 14. Rf2 Bc6 15. Nd2 Rfe8 16. Re1 Nd5 17. f4 f5 18. Qd3 Bd7 19. Ree2 fxe4 20. Rxe4 Rxe4 21. Qxe4 Qxe4 1/2-1/2

[Event "Mecklenburg VP-ch"]
[Site "Greifswald"]
[Date "2009.04.11"]
[Round "5.12"]
[White "Valet, Alexander"]
[Black "Schmidt, Thomas"]
[Result "1-0"]
[WhiteElo "1533"]
[BlackElo "1433"]
[PlyCount "95"]
[EventDate "2009.04.09"]
[EventType "swiss"]
[EventRounds "9"]
[EventCountry "GER"]
[SourceTitle "EXT 2022"]
[Source "ChessBase"]
[SourceDate "2021.10.06"]
[SourceVersion "1"]
[SourceVersionDate "2021.10.06"]
[SourceQuality "1"]

1. e4 e5 2. Nf3 Nc6 3. d4 exd4 4. Nxd4 Qf6 5. c3 Bc5 6. Be3 Nge7 7. Bb5 a6 8. Ba4 b5 9. Bb3 Bb7 10. 0-0 Na5 11. f3 Qb6 12. Bf2 Nxb3 13. axb3 a5 14. Na3 b4 15. Nc4 Qf6 16. Rxa5 Rxa5 17. Nxa5 Ba6 18. Re1 0-0 19. Qc2 Qb6 20. Nc4 Bxc4 21. bxc4 bxc3 22. bxc3 Rb8 23. Ra1 Nc6 24. Nxc6 Bxf2+ 25. Qxf2 Qxc6 26. Qa7 Re8 27. Qd4 Kf8 28. Rd1 d6 29. Ra1 Re5 30. Rb1 f5 31. exf5 Rxf5 32. Qe4 Qxe4 33. fxe4 Rf4 34. Rf1 Rxf1+ 35. Kxf1 Ke7 36. Ke2 Ke6 37. Ke3 Ke5 38. g3 g6 39. Kf3 g5 40. h4 h6 41. hxg5 hxg5 42. Kg4 Kxe4 43. Kxg5 Ke5 44. g4 Ke6 45. Kg6 Ke7 46. Kg7 Ke6 47. g5 Kf5 48. g6 1-0